| 000 | 00663nam a2200241Ia 4500 | ||
|---|---|---|---|
| 003 | OSt | ||
| 005 | 20221005065708.0 | ||
| 006 | a|||||r|||| 00| 0 | ||
| 007 | ta | ||
| 008 | 221004b |||||||| |||| 00| 0 eng d | ||
| 024 | _a122586 | ||
| 037 |
_bGift, 29/10/2012, _cTextual |
||
| 040 |
_aCRL _cCRL _beng |
||
| 041 |
_2eng _aeng |
||
| 082 | _aV58, J2 | ||
| 100 |
_aKarpinsky V. _9604880 |
||
| 245 | 0 | _aSocial and state structure of the USSR | |
| 260 |
_aMoscow _bForeign Languages Pub Russia _c1952 |
||
| 300 |
_a239p. _ccm. |
||
| 650 | _aHISTORY | ||
| 942 |
_hV58, J2 _cTEXL _2cc |
||
| 999 |
_c975018 _d975018 |
||